Real Crewed Spacecraft - Statistics

General Stats
  • This quiz has been taken 27 times
  • The average score is 10 of 12
Answer Stats
Picture Answer % Correct
Mercury Capsule
100%
Soyuz
100%
Vostok Capsule
100%
Dragon 2 Capsule
95%
Gemini Capsule
95%
X-15
95%
Space Shuttle Orbiter
90%
Apollo Command and Service Module (CSM)
85%
Apollo Landing Module (LM)
70%
Voskhod Capsule
60%
New Shepard Capsule
50%
Shenzhou
30%
No matching quizzes found
Score Distribution
Percent of People with Each Score
Percentile by Number Answered
Your Score History
You have not taken this quiz